000 00408nam a22001697a 4500
005 20160616140822.0
008 160616b xxu||||| |||| 00| 0 eng d
020 _a0-07-058513-X
041 _aeng
082 _b7996
100 _aUlrich, Karl t and Eppinger, Steven
_92119
245 _aProduct Design and Development
260 _bTMH
_c2003
300 _a351
650 _aManagement
_9241
942 _cBK
999 _c2965
_d2964